The War of the Worlds/ (Record no. 206360)

MARC details
000 -LEADER
fixed length control field 00522nam a22001937a 4500
005 - DATE AND TIME OF LATEST TRANSACTION
control field 20260527124920.0
010 ## - LCCN (DPL NO)
LC control number ENG-142147 ENG-148651
020 ## - INTERNATIONAL STANDARD BOOK NUMBER
International Standard Book Number 9789357943628
Terms of availability 250.00
035 ## - SYSTEM CONTROL NUMBER
System control number EN-125679
035 ## - SYSTEM CONTROL NUMBER
System control number EN-132183
037 ## - SOURCE OF ACQUISITION
Stock number dpl
Source of stock number/acquisition DBAD
082 ## - DEWEY DECIMAL CLASSIFICATION NUMBER
Classification number S
100 ## - MAIN ENTRY--PERSONAL NAME
Personal name Wells, H.G.
245 ## - TITLE STATEMENT
Title The War of the Worlds/
Statement of responsibility, etc by H.G.Wells
260 ## - PUBLICATION, DISTRIBUTION, ETC. (IMPRINT)
Place of publication, distribution, etc New Delhi
Name of publisher, distributor, etc V & S Publishers
Date of publication, distribution, etc 2024
270 ## - ADDRESS
Address F-2/16, Ansari Rd, Daryaganj,
City New Delhi
Postal code 110002
300 ## - PHYSICAL DESCRIPTION
Extent 167p.:
Dimensions 21cm(pb)
942 ## - ADDED ENTRY ELEMENTS (KOHA)
Source of classification or shelving scheme Dewey Decimal Classification
Item type English Books
Classification part S
Call number suffix WEL
Holdings
Withdrawn status Lost status Not for loan Collection code Home library Current library Date acquired Source of acquisition Cost, normal purchase price Full call number Barcode Copy number Cost, replacement price Koha item type
      Non-fiction Sarojini Nagar Sarojini Nagar 11/10/2024 Delivery of Books Act Division 250.00 S WEL EN-125679 1 250.00 English Books
      Fiction Tri Nagar Tri Nagar 27/05/2026 DBAD 250.00 S WEL EN-132183 1 250.00 English Books

© Delhi Public Library
Hit Counter
free hit counter